Černý Rogan. Přízraky na Devíně /

Hlavní autor: Červenák, Juraj, 1974-
Další autoři: Pilch, Robert, 1976-
Jazyk: Čeština
Vydáno: Praha : Brokilon, 2016
Vydání: Vydání první
Témata:
Fyzický popis: 252 stran ; 18 cm
Knihy
Uloženo v:
LEADER 01463nam a2200421 i 4500
001 nkc20162829749
003 CZ PrNK
005 20160907143306.0
007 ta
008 160829s2016 xr g 000 f cze
015 |a cnb002829749 
020 |a 978-80-7456-308-9  |q (brožováno) :  |c Kč 248,00 
035 |a (OCoLC)960190731 
040 |a OLA001  |b cze  |d ABA001  |e rda 
041 1 |a cze  |h slo 
072 7 |a 821.162.4  |x Slovenská literatura  |2 Konspekt  |9 25 
080 |a 821.162.4-31  |2 MRF 
080 |a (0:82-312.9)  |2 MRF 
100 1 |a Červenák, Juraj,  |d 1974-  |7 xx0013108  |4 aut 
240 1 0 |a Prízraky na Devíne.  |l Česky 
245 1 0 |a Černý Rogan.  |p Přízraky na Devíně /  |c Juraj Červenák ; ze slovenského originálu "Prízraky na Devíne" přeložil Robert Pilch 
246 3 0 |a Přízraky na Devíně 
250 |a Vydání první 
264 1 |a Praha :  |b Brokilon,  |c 2016 
300 |a 252 stran ;  |c 18 cm 
336 |a text  |b txt  |2 rdacontent 
337 |a bez média  |b n  |2 rdamedia 
338 |a svazek  |b nc  |2 rdacarrier 
655 7 |a slovenské romány  |7 fd133450  |2 czenas 
655 7 |a fantasy romány  |7 fd184199  |2 czenas 
655 9 |a Slovak fiction  |2 eczenas 
655 9 |a fantasy novels  |2 eczenas 
700 1 |a Pilch, Robert,  |d 1976-  |7 xx0046844  |4 trl 
910 2 |a BOA001  |b 1-1371.861 
990 |a BK 
995 |a 01 
991 |b 201609  |c NOV 
996 6 |b 2610680441  |c 1-1371.861  |l MZK  |r Sklad / do 1 hodiny  |n 1  |p p.v.  |w 001576623  |u 000010  |a 1  |e BOA001  |j MZK50  |s P